[Event "Reykjavik op"]
[Site "Reykjavik"]
[Date "2015.03.18"]
[Round "10"]
[White "Gupta, Abhijeet"]
[Black "Mamedyarov, Shakhriyar"]
[Result "1/2-1/2"]
[WhiteElo "2625"]
[BlackElo "2756"]
[Annotator "Gupta,A"]
[PlyCount "102"]
[EventDate "2015.03.10"]
[EventType "swiss"]
[EventRounds "10"]
[EventCountry "ISL"]
[SourceTitle "CBM 166"]
[Source "ChessBase"]
[SourceDate "2015.05.11"]
[SourceVersion "1"]
[SourceVersionDate "2015.05.11"]
[SourceQuality "1"]

1. d4 d6 {With 'Shak' you never know what's going to come but luckily for me
the previous night I sat down, worked quite a bit and managed to see most of
the lines he plays. This was the last round game in the Reykjavik open.} 2. Nf3
{I am ready for the Old-Indian.} g6 {Okay how about some King's Indian?} 3. c4
{Go for it!} f5 {Dutch it is :)} 4. Nc3 Nf6 5. Bf4 Bg7 6. e3 O-O 7. c5 Kh8 8.
h4 $5 {This is already unknown territory and I wanted to be aggressive at the
first opportunity.} Nh5 9. Qb3 a5 (9... dxc5 {Here White can choose between
two good options:} 10. dxc5 (10. O-O-O $5 cxd4 11. Nxd4 e5 12. Nxf5 Qf6 13.
Nxg7 Nxf4 14. exf4 Qxf4+ 15. Rd2 Kxg7 16. Nd5 Qf7 17. Qe3 Nc6 18. Bb5 {with
good play for the pawn}) 10... c6 11. Qa3 Nd7 12. O-O-O Nxf4 13. exf4 Qc7 14.
g3 Nf6 15. Bc4 Ng4 16. h5 Nxf2 17. hxg6 h6 18. Ng5 $40) (9... Nc6 {is another
possible way to play for Black} 10. Rd1 $1 e6 11. Bg5 Qe8 12. cxd6 cxd6 13. Nb5
Qd7 14. d5 exd5 15. Rxd5 f4 16. Rxd6 Qf5 17. Be2 a6 18. Nc3 fxe3 19. Bxe3 Nf4 {
Black has some compensation here but probably not enough for a pawn.}) 10. Rd1
c6 $2 {This is already a serious mistake. Later Shakhriyar mentioned that he
completely overlooked my next move.} 11. Na4 $1 {Simple and strong.} Ra7 12.
Ng5 Qe8 13. Bc4 Nxf4 14. exf4 $6 (14. Bf7 $1 {This intermediate move finishes
the game almost immediately, I saw this but I wanted to keep things as simple
as I could but then again in order to win games against 2750s one needs to be
more "brave" :)} Nxg2+ 15. Kf1 Qd8 (15... Nxe3+ 16. fxe3 Qd8 17. h5 h6 18. hxg6
e5 19. Rh5 $1 {This move looks very simple but I kept missing it when I was
trying to make 14.Bf7! work}) 16. h5 h6 17. hxg6 e5 18. Rh5 $1 {with a winning
attack.}) 14... d5 15. Be2 h6 16. Nf3 Nd7 17. h5 $2 {White still keeps his
advantage but why give Black unnecessary counterplay?} (17. Qe3 $142 {with the
idea to play h5 next move.}) 17... g5 18. fxg5 hxg5 19. Nxg5 e5 20. Nb6 $6 (20.
Nf3 {[%cal Gf3h4]} Bf6 (20... e4 21. Nh4 Kh7 22. Ng6 $16) 21. dxe5 Nxe5 22. Kf1
$16) 20... Nxb6 21. Qxb6 Ra8 22. dxe5 Qxe5 23. Kf1 f4 (23... Bf6 24. Nf3 Qxb2
25. Qc7 Be6 26. Qf4 Bg8 27. Nh4 Bxh4 28. Rxh4 Rae8 29. Bd3 $40) 24. Nf3 Qxb2
25. h6 Be5 26. Nh4 Bf5 27. Qxb2 Bxb2 28. Nxf5 Rxf5 29. Rb1 Bc3 30. Rxb7 {
After not so accurate play from both of us we reached a position where I could
"pretend" to be better.} Re8 {Accompanied with a draw offer, but I didn't see
any reason not to continue the game.} 31. Rh3 Bb4 $6 (31... Bd2 $1 {This draws
on the spot.}) 32. a3 Bxc5 33. Bd3 Rg5 34. Rf3 (34. Rh4 Rf8 35. Rh7+ Kg8 36.
Rc7 {Now I get the same position as in the game but my rook on h4 is more
active.}) 34... Bd6 (34... Rh5 35. Rh7+ Kg8 36. g4 Rh1+ 37. Kg2 Ree1 $1 38.
Rxf4 Bd6 39. Rf6 Rh2+ 40. Kf3 Rh3+ $11) 35. Rh7+ Kg8 36. Rd7 Be5 37. Bc2 Kh8
38. Rh7+ Kg8 39. Rd7 Kh8 40. Rh7+ Kg8 41. Rb7 Kh8 42. Rfb3 c5 $1 43. R3b6 Bc3
44. Rb8 Rgg8 45. Rxe8 (45. R6b7 {This is what I had in mind when I went Rfb3 :)
} Re1#) 45... Rxe8 46. Kg1 Rd8 47. Rb7 c4 48. Bg6 $1 {Time to sign the peace
treaty!} d4 49. Rh7+ Kg8 50. Rg7+ Kh8 51. Rh7+ Kg8 1/2-1/2

[Event "Bundesliga 9900"]
[Site "Germany"]
[Date "2000.04.08"]
[Round "14.2"]
[White "Bunzmann, Dimitrij"]
[Black "Gurevich, Mikhail"]
[Result "1/2-1/2"]
[WhiteElo "2596"]
[BlackElo "2643"]
[Annotator "Gurevich,M"]
[PlyCount "102"]
[EventDate "1999.10.09"]
[EventType "team-tourn"]
[EventRounds "15"]
[EventCountry "GER"]
[SourceTitle "CBM 076"]
[Source "ChessBase"]
[SourceDate "2000.05.31"]
[SourceVersion "1"]
[SourceVersionDate "2000.05.31"]
[SourceQuality "1"]
[WhiteTeam "Neukoelln"]
[BlackTeam "Godesberg"]
[WhiteTeamCountry "GER"]
[BlackTeamCountry "GER"]

1. d4 f5 2. c4 Nf6 3. Nc3 d6 4. Bg5 Nbd7 5. h4 $5 {TN} (5. e3 g6 6. h4 h6 7.
Bxf6 Nxf6 8. Nf3 c6 9. Qc2 Qa5 10. O-O-O Ne4 11. Kb1 Nxc3+ 12. Qxc3 Qxc3 13.
bxc3 Bg7 $15 {0-1 De Niet,G-Beim,V/Dieren 1998/EXT 99 (70)}) 5... e5 (5... h6
6. Bxf6 Nxf6 7. h5 e5 8. e3 $13) 6. e4 $5 fxe4 (6... h6 7. Bxf6 Nxf6 8. dxe5
dxe5 9. Qxd8+ Kxd8 10. O-O-O+ $36) 7. Bxf6 (7. Nxe4 Be7 8. Nxf6+ Bxf6 9. Nf3
O-O 10. dxe5 Nxe5 11. Nxe5 Qe7 $5 $132) 7... Nxf6 8. dxe5 dxe5 9. Qxd8+ Kxd8
10. O-O-O+ $44 Bd7 (10... Ke7 11. f3 $1 exf3 12. Nxf3 $36) 11. g4 $1 (11. Nge2
Bc5 12. Ng3 Bxf2 13. Ngxe4 Nxe4 14. Nxe4 Be3+ 15. Kc2 Ke7 $17) 11... h6 (11...
Nxg4 $2 12. Nxe4 Ke8 13. Rxd7 $1 Kxd7 (13... Nxf2 14. Nxf2 Kxd7 15. Bh3+ $36)
14. Bh3 h5 15. f3 $16) (11... Bc5 12. g5 Ne8 (12... Ng4 $2 13. Rxd7+ Kxd7 14.
Bh3 $16) 13. Nxe4 Bd4 14. Nf3 $36) (11... e3 12. g5 (12. fxe3 Nxg4 13. Bh3 h5
14. Nf3 Bd6 $15) 12... exf2 13. gxf6 fxg1=Q 14. Rxg1 gxf6 15. Bh3 $16) 12. Bh3
g5 13. Bg2 Bg7 (13... gxh4 14. Nxe4 $36) 14. hxg5 (14. Nxe4 Ke7 15. hxg5 Nxe4
16. Bxe4 Bxg4 17. f3 Be6 $11) 14... hxg5 15. Rxh8+ Bxh8 16. Bxe4 Nxe4 17. Nxe4
Ke7 18. f3 Rf8 19. Rd3 (19. Nxg5 $5 Bg7 20. Ne4 Bc6 $44) 19... Bc6 20. Ne2 (20.
Nxg5 Rg8 21. N1h3 Bf6 22. Nh7 e4 $132) 20... Bxe4 21. fxe4 Rf1+ 22. Rd1 Rf3 $11
23. Kd2 Bf6 24. Rg1 $6 (24. Rh1 $5 Kf7 25. Rh7+ Bg7 $11) 24... Ke6 25. Rg3 Rf1
26. Rg1 Rf3 27. Rg3 Rf2 28. Ke3 Rh2 $15 {[/\Bf6-e7-c5]} 29. Kf3 Be7 30. Rg2
Rxg2 $6 (30... Rh3+ 31. Rg3 Rh8 32. Rg2 Bc5 $15) 31. Kxg2 Kd6 32. Kf3 Kc5 33.
b3 Kb4 34. Ke3 $1 Ka3 35. Kd3 Kxa2 36. Kc2 $15 c6 37. Nc1+ Ka3 38. Nd3 Bd6 39.
Ne1 $1 {[/\ 40.Nf3<=>]} Be7 40. Nd3 Bd6 41. Ne1 Be7 42. Nd3 Bf6 43. Kc3 b5 $2 (
43... a5 44. c5 (44. Nc5) 44... a4 45. bxa4 Kxa4 46. Kc4 $11) 44. Nb4 $1 $11 a5
45. Nxc6 b4+ 46. Kc2 a4 47. bxa4 b3+ 48. Kb1 Kxa4 49. Kb2 Bh8 50. Kc1 Bg7 51.
Kb1 Bf6 1/2-1/2

[Event "Belgrade Investbank"]
[Site "Belgrade"]
[Date "1991.??.??"]
[Round "?"]
[White "Lautier, Joel"]
[Black "Gurevich, Mikhail"]
[Result "1/2-1/2"]
[WhiteElo "2560"]
[BlackElo "2630"]
[Annotator "Gurevich,M"]
[PlyCount "92"]
[EventDate "1991.11.??"]
[EventType "tourn"]
[EventRounds "11"]
[EventCountry "YUG"]
[EventCategory "15"]
[SourceTitle "CBM 027"]
[Source "ChessBase"]
[SourceDate "1992.04.01"]
[SourceVersion "1"]
[SourceVersionDate "1992.04.01"]
[SourceQuality "1"]

1. Nf3 d6 2. c4 f5 3. Nc3 Nf6 4. d4 g6 5. e3 Bg7 6. Bd3 O-O 7. O-O Nc6 8. d5
Nb4 9. Be2 Na6 $5 {[TN;9...c6-51/85]} 10. Rb1 Nc5 11. b4 Nfe4 12. Nxe4 Nxe4 13.
Bb2 Bxb2 $5 (13... Nc3 14. Bxc3 Bxc3 15. Nd4 a5 16. a3 axb4 17. axb4 $14 {
/\18.Qd3}) 14. Rxb2 a5 15. a3 axb4 16. axb4 e5 $5 17. dxe6 Bxe6 $132 18. Qd4 {
[/\19.c5]} b6 19. Rc2 $6 (19. Nd2 Qf6 20. Nxe4 Qxd4 21. exd4 fxe4 22. Re1 $10)
19... Ra4 20. Qb2 Qf6 21. Nd4 Bf7 22. Rfc1 Rfa8 (22... c5 23. bxc5 bxc5 24. Nb5
Qxb2 25. Rxb2 Rd8 26. f3 $10) 23. f3 Ng5 (23... Qg5 $2 24. fxe4 Qxe3+ 25. Kh1
Ra2 26. Qc3 Qxc3 27. Rxc3 c5 28. bxc5 dxc5 29. Nc2 $18) 24. c5 $1 $132 Ra2 25.
Qc3 Rxc2 (25... R8a3 26. Rxa2 Rxc3 27. Ra8+ Kg7 28. Rxc3 dxc5 29. bxc5 f4 30.
cxb6 cxb6 31. Raa3 fxe3 32. Nc2 $13) 26. Rxc2 dxc5 27. bxc5 bxc5 28. Qxc5 Ra1+
29. Bf1 (29. Rc1 Rxc1+ 30. Qxc1 Qb6 $15) (29. Kf2 $2 Ne4+ 30. fxe4 Qh4+ 31. g3
(31. Kf3 $4 fxe4#) 31... Qxh2+ 32. Kf3 Qh1+ 33. Kf4 (33. Kf2 fxe4 {/\34...Qg1})
33... Qxe4+ 34. Kg5 Qxe3+ 35. Kf6 Qxg3 $17) 29... f4 $6 $138 (29... Nh3+ 30.
gxh3 Qg5+ 31. Rg2 (31. Kf2 Qh4+ 32. Kg1 Qg5+ $10) 31... Qxe3+ 32. Rf2 Qg5+ 33.
Kh1 Qe3 34. Kg1 Qg5+ $10) 30. exf4 Qxf4 31. Ne2 Qf6 $2 $138 32. Qxc7 $14 Kg7
33. Qc5 Ne4 $1 {[/\Ne4-d6-f5]} 34. Qe3 Nd6 35. Qc3 Nf5 36. Qxf6+ Kxf6 37. Rc1 (
37. Kf2 $2 Rxf1+ 38. Kxf1 Ne3+ $19) 37... Rxc1 38. Nxc1 h5 39. Kf2 h4 40. Bd3
g5 $10 41. Ne2 (41. Bxf5 Kxf5 42. Ne2 Bd5 43. Ke3 Ke5 44. Nc3 Ba8 45. Ne4 Kf5
$10) 41... Nd6 42. Nc3 Ke5 43. Ne4 Nxe4+ 44. Bxe4 Kf4 45. Bc6 Bc4 (45... g4 $2
46. g3+ hxg3+ 47. hxg3+ Ke5 48. f4+ Kd6 49. Be4 $14) 46. Bd7 Bb3 1/2-1/2

[Event "Selfoss Milk Masters 1st"]
[Site "Selfoss"]
[Date "2002.10.12"]
[Round "5"]
[White "Thorfinnsson, Bragi"]
[Black "Tregubov, Pavel V"]
[Result "0-1"]
[WhiteElo "2357"]
[BlackElo "2594"]
[Annotator "Hecht,H"]
[PlyCount "114"]
[EventDate "2002.10.08"]
[EventType "tourn"]
[EventRounds "9"]
[EventCountry "ISL"]
[EventCategory "12"]
[SourceTitle "CBM 092"]
[Source "ChessBase"]
[SourceDate "2003.02.06"]
[SourceVersion "1"]
[SourceVersionDate "2003.02.06"]
[SourceQuality "1"]

1. d4 d5 2. Nf3 c6 3. c4 e6 4. e3 Bd6 5. Nc3 f5 6. Be2 Nf6 7. O-O O-O 8. Ne1 b6
9. f4 Bb7 10. cxd5 exd5 11. Nd3 c5 12. Ne5 Nc6 13. Bf3 cxd4 14. Nxc6 Bxc6 15.
exd4 Kh8 16. Qb3 Be7 17. a4 Qd7 18. Bd2 Rfd8 19. Rfd1 Rac8 20. Rac1 Qb7 21. Be3
h6 22. h3 Qd7 23. Be2 Ne4 24. Ba6 Rb8 25. Bb5 Bxb5 26. axb5 Nf6 27. Ne2 Rbc8
28. Rxc8 Rxc8 29. Rc1 Re8 30. Rc6 Bd8 31. Ng3 a6 32. Bf2 axb5 33. Qc2 Ne4 34.
Nxe4 dxe4 35. Be3 Bf6 36. Qc3 b4 37. Qc4 Rd8 38. Rc7 b5 39. Qc2 b3 40. Qc1 Qd6
41. Rc6 Qe7 42. Rc7 Qf8 43. Qc3 Qd6 44. Rc8 Kh7 45. Rxd8 Qxd8 {[#] Weiße
Bauernschwächen und schlechter Läufer.} 46. Qc5 Qd7 47. Kf2 Kg6 48. Ke2 h5 49.
Kf2 h4 50. Ke2 Qb7 51. Kf2 Qa6 52. g4 $2 (52. Qf8 $1 {kontert die schwarze
Umgehungsdrohung mit der Dauerschachdrohung.}) 52... hxg3+ 53. Kxg3 Qa1 54.
Qxb5 Bh4+ $1 55. Kg2 Qxb2+ 56. Kh1 Qb1+ 57. Bg1 Qd1 {[%csl Gh5][%cal Rd1f3]}
0-1

[Event "Capablanca Memorial-B"]
[Site "Matanzas"]
[Date "1994.??.??"]
[Round "10"]
[White "Elissalt Cardenas, Hector"]
[Black "Paneque, Pedro"]
[Result "1-0"]
[WhiteElo "2415"]
[BlackElo "2410"]
[Annotator "Hecht,H"]
[PlyCount "193"]
[EventDate "1994.??.??"]
[EventType "tourn"]
[EventRounds "13"]
[EventCountry "CUB"]
[EventCategory "8"]
[SourceTitle "CBM 043"]
[Source "ChessBase"]
[SourceDate "1994.12.01"]
[SourceVersion "1"]
[SourceVersionDate "1994.12.01"]
[SourceQuality "1"]

1. d4 e6 2. c4 f5 3. Nc3 Nf6 4. f3 Bb4 5. e3 O-O 6. Bd3 c5 7. Nge2 d6 8. Qc2
Nc6 9. Bd2 Bd7 10. O-O-O Ba5 11. a3 Bb6 12. dxc5 dxc5 13. Na4 Ne5 14. Nxb6
Nxd3+ 15. Qxd3 Qxb6 16. Nc3 Rad8 17. Qc2 Qa6 18. Qb3 e5 19. Be1 Be6 20. Rxd8
Rxd8 21. Qb5 Qd6 22. Bg3 Qd2+ 23. Kb1 Qxe3 24. Ka1 f4 25. Bh4 Rf8 26. Rd1 a6
27. Qa4 b5 28. cxb5 axb5 29. Qxb5 h6 30. Bxf6 gxf6 31. Qb6 Bc4 32. Ne4 Bb3 33.
Rh1 Kg7 34. Nxc5 Bf7 35. Ne6+ Bxe6 36. Qxe6 Qd2 37. Qb6 Rd8 38. g3 fxg3 39.
hxg3 Rd3 40. Qc7+ Kg6 41. Qc8 Kg7 42. Qg4+ Kf7 43. Qc4+ Kg7 44. Rc1 h5 45. Qc8
Rd7 46. Rc5 Qd6 47. Rb5 Rc7 48. Qf5 Qc6 49. Qd3 Rd7 50. Qb3 Qd6 51. a4 Qd2 52.
Rb8 Rf7 53. Ka2 Qe1 54. Rb7 Rxb7 55. Qxb7+ Kh6 56. Qf7 Qxg3 57. Qxf6+ Qg6 58.
Qh8+ Qh7 59. Qf6+ Qg6 60. Qh8+ Qh7 61. Qxh7+ (61. Qxe5 Qf7+ 62. b3 Qxf3 63. a5
h4 $44 {64.a6 Weiß hat 1 Tempo voraus}) 61... Kxh7 62. a5 h4 63. a6 h3 64. a7
h2 65. a8=Q h1=Q 66. Qe4+ Kh6 67. b4 Qf1 68. Kb3 Qb5 69. Qc4 Qb7 70. Qe6+ Kh7
71. Qxe5 Qxf3+ {CD-ROM: Weiß gewinnt in 46 Zügen mit Kc4!} 72. Kc4 Qc6+ (72...
Qf7+ $1 {am besten (D-ROM)}) 73. Kd4 (73. Qc5 Qe6+ 74. Qd5 Qc8+ 75. Kd4 {
mit schnellerem Gewinn (CD-ROM)}) 73... Qb6+ 74. Qc5 Qf6+ 75. Kd5 Qd8+ (75...
Qf3+ $1 {ermöglicht viele Schachs von allen Seiten CD-ROM gibt Gewinn in 48
Zügen} 76. Ke6 Kg6 77. b5 Qf7+) 76. Kc6 Qc8+ 77. Kb6 Qe6+ (77... Qb8+ 78. Ka6
Kg8 {ist hartnäckiger (CD-ROM) Schwarz scheitert stets an der schlechten K-Pos.
}) 78. Qc6 Qe3+ 79. Kb7 Kh8 80. b5 Qe7+ 81. Qc7 Qe4+ 82. Kb8 Qb4 83. b6 Qb5 (
83... Kg8 {verlängert den Widerstand um 9 Züge! (CD-ROM)}) 84. Qc3+ (84. Qd8+ {
Gewinn in 9 Zügen (CD-ROM)} Kg7 85. b7 Kh6 86. Qd4 $1 {droht Kc7} Kh7 87. Kc7
Qa5+ 88. Kc8 Qa6 89. Qd5 $1 Kg7 90. Kc7 Qa7 91. Qb5 Kh7 92. Qb6 $18) 84... Kh7
85. Qf6 {verlängert den Gewinn um rund 10 Züge! (CD-ROM)} (85. Kc7 $1) 85...
Qd7 (85... Qd5 $1) 86. b7 (86. Qe5 $1 {ist auch sehr gut}) 86... Kg8 87. Qc3 {
Gewinn in 16 Zügen (CD-ROM)} (87. Qe5 $1 {Gewinn in 11 Zügen (CD-ROM)}) 87...
Qa4 88. Kc7 (88. Qc8+ $1 {gewinnt viel schneller (CD-ROM)}) 88... Qf4+ 89. Kb6
Qd6+ 90. Ka7 Qe7 91. Qd4 Qa3+ 92. Kb8 Qf8+ 93. Kc7 Qe7+ {ist zu dicht am Mann!}
(93... Qf7+ {ist um 10 Züge besser!}) 94. Kc8 Qe6+ 95. Kd8 Qb3 96. Qg4+ Kh8 97.
Qc8 1-0

[Event "Reggio Emilia 9697 39th"]
[Site "Reggio Emilia"]
[Date "1996.12.27"]
[Round "2"]
[White "Krasenkow, Michal"]
[Black "Efimov, Igor"]
[Result "1-0"]
[WhiteElo "2605"]
[BlackElo "2510"]
[Annotator "Krasenkow,M"]
[PlyCount "51"]
[EventDate "1996.12.26"]
[EventType "tourn"]
[EventRounds "9"]
[EventCountry "ITA"]
[EventCategory "11"]
[SourceTitle "CBM 057"]
[Source "ChessBase"]
[SourceDate "1997.04.01"]
[SourceVersion "1"]
[SourceVersionDate "1997.04.01"]
[SourceQuality "1"]

1. d4 c6 2. c4 f5 $5 3. Nc3 Nf6 4. Bg5 Ne4 (4... e6 $5) 5. Nxe4 fxe4 6. f3 d5
7. fxe4 dxe4 8. Qd2 Bf5 9. e3 Nd7 10. Ne2 h6 11. Bh4 g5 12. Bg3 $14 Bg7 13. h4
Nf6 $2 (13... e5 $14) 14. hxg5 hxg5 15. Rxh8+ Bxh8 16. Be5 $16 Qd7 17. Ng3 Bg6
18. Be2 O-O-O $2 (18... Kf7 19. O-O-O $16) (18... b6 $5) 19. Qa5 $1 b6 (19...
a6 20. Qb6 $18) 20. Qa6+ Qb7 21. Qa3 $18 Bg7 (21... Qd7 22. c5 b5 23. d5 $1
cxd5 (23... Kb7 24. Bxb5 $1 $18) (23... Bf7 24. Bxb5 $1 $18) 24. Qa5 $18) (
21... e6 22. O-O-O {/\23.Rf1}) 22. O-O-O Qd7 $6 (22... Kd7) 23. c5 b5 24. d5 $1
cxd5 25. Qa5 a6 (25... Qc6 26. Bxb5 Qxc5+ 27. Kb1 Qb6 28. Rc1+ Kb7 29. Rc7+ Ka8
30. Rxa7+ Qxa7 31. Bc6#) 26. Bxb5 $1 1-0

[Event "EU-ch 12th"]
[Site "Aix les Bains"]
[Date "2011.03.24"]
[Round "3"]
[White "Nisipeanu, Liviu Dieter"]
[Black "Tregubov, Pavel V"]
[Result "1-0"]
[WhiteElo "2673"]
[BlackElo "2598"]
[Annotator "Krasenkow,M"]
[PlyCount "79"]
[EventDate "2011.03.22"]
[EventType "swiss"]
[EventRounds "11"]
[EventCountry "FRA"]
[SourceTitle "CBM 142 Extra"]
[Source "ChessBase"]
[SourceDate "2011.06.27"]
[SourceVersion "1"]
[SourceVersionDate "2011.06.27"]
[SourceQuality "1"]

1. d4 d5 2. c4 e6 3. Nc3 c6 4. e3 Bd6 5. Nf3 f5 6. Bd3 Nf6 7. O-O O-O 8. b3 Bd7
{[%cal Yd7e8,Ye8h5] This typical manoeuvre is rarely seen in the present
position. White removes everything from the d1-h5 diagonal, and the h5-bishop
becomes unemployed.} (8... Ne4 9. Bb2 Nd7 {is the most common continuation.})
9. Bb2 Be8 10. Qc1 {[%cal Yb2a3]} (10. Ne5 Nbd7 11. Ne2 Qe7 12. f3 Rd8 13. Qc2
(13. c5 $5) 13... Kh8 14. Rae1 Bc7 15. Qc1 Bd6 16. Ng3 Nh5 17. Nxh5 Bxh5 18.
Nxd7 Rxd7 $11 {0-1 Danner,G (2345)-Nikolac,J (2480)/Maribor 1980/EXT 2001 (35)}
) 10... Bh5 11. Ne5 Nbd7 (11... Qe7 12. cxd5 cxd5 $140 13. Nb5) 12. Nxd7 Qxd7
13. Ba3 (13. c5 $5 Bc7 14. f4 b5 $140 {[%cal Ya7a5]} 15. cxb6 axb6 16. a4 $14 {
[%csl Ga4] - this is a potential passed pawn!}) 13... Ne4 $6 {This leads to a
closed position with a stable advantage for White, who will have a good bishop
against Black's bad one.} (13... dxc4 $142 14. bxc4 c5 $132) 14. Bxd6 Qxd6 15.
f3 Nxc3 16. Qxc3 Rad8 17. c5 $1 Qe7 18. f4 {[%mdl 32] This is even better now 
(without the dark-squared bishops) than on move 13. White will now push
b3-b4-b5.} g5 {This attack is not dangerous.} 19. b4 Kh8 20. Rf2 Rg8 21. Bf1
Be8 22. a4 a6 23. Rb1 Ra8 24. Rfb2 Qg7 25. Qd2 Bd7 26. Qf2 Qf6 27. b5 axb5 28.
axb5 Ra3 29. Rb3 Rxb3 30. Rxb3 Ra8 31. fxg5 Qxg5 32. h3 Ra5 33. bxc6 Bxc6 34.
Kh2 Ra1 35. Bb5 $1 {Black's bishop is defendings his queenside so it is time
to exchange it.} Kg7 36. Bxc6 bxc6 37. Rb7+ Kf6 $6 (37... Kg6 38. Rb8 $1 (38.
Rc7 $2 Ra3) 38... Kg7 39. Re8 $1 Kf7 40. Rc8 Kf6 (40... Ra3 41. Qb2 $18) 41.
Rxc6 Ra3 42. g4 $1 $18) 38. Rxh7 Ra3 39. Qb2 $4 {[%mdl 8192] An obvious move
letting the victory slip.} (39. g4 $1 Kg6 (39... Rxe3 40. h4 $18) 40. Rc7 $18)
39... Rxe3 $4 {But Black misses his chance!} (39... f4 $1 40. Qxa3 Qg3+ 41. Kg1
Qe1+ $11) 40. Qb8 1-0